Вып. 104 : Основы генерализации на общегеографических картах мелкого масштаба; Труды центрального научно-исследовательского института геодезии, аэросъемки и картографии

গ্রন্থ-পঞ্জীর বিবরন
Parent link:Труды центрального научно-исследовательского института геодезии, аэросъемки и картографии. Вып. 104 : Основы генерализации на общегеографических картах мелкого масштаба.— , 1932-
অন্যান্য লেখক: Филиппов Ю. В. (редактор)
ভাষা:রুশ
প্রকাশিত: 1955
বিষয়গুলি:
বিন্যাস: MixedMaterials গ্রন্থ
KOHA link:https://koha.lib.tpu.ru/cgi-bin/koha/opac-detail.pl?biblionumber=356615

MARC

LEADER 00000nam2a2200000 4500
001 356615
005 20231102010918.0
035 |a (RuTPU)RU\TPU\retro\13875 
035 |a RU\TPU\retro\13869 
090 |a 356615 
100 |a 20200722d1955 k y0rusy50 ca 
101 0 |a rus 
102 |a RU 
105 |a a z 001zy 
200 0 |a Вып. 104 : Основы генерализации на общегеографических картах мелкого масштаба  |f под ред. Ю. В. Филиппова 
210 |d 1955 
215 |a 334 с.  |c ил., карты 
320 |a Библиогр. в конце ст. 
461 1 |0 (RuTPU)RU\TPU\retro\13561  |t Труды центрального научно-исследовательского института геодезии, аэросъемки и картографии  |v Вып. 104 : Основы генерализации на общегеографических картах мелкого масштаба  |d 1932- 
606 1 |a Геодезия прикладная  |2 stltpush  |3 (RuTPU)RU\TPU\subj\6026  |9 33992 
610 1 |a морские берега 
610 1 |a гидрографическая сеть 
610 1 |a рельефы 
610 1 |a почвенный покров 
610 1 |a населенные пункты 
610 1 |a пути сообщения 
610 1 |a границы 
610 1 |a общегеографические карты 
610 1 |a мелкомасштабное картографирование 
675 |a 669.715  |v 4 
702 1 |a Филиппов  |b Ю. В.  |4 340 
801 1 |a RU  |b 63413507  |c 20160708 
801 2 |a RU  |b 63413507  |c 20200722  |g RCR 
942 |c BK